Hoa cho ngày cưới
Spremljeno u:
| Format: | Knjiga |
|---|---|
| Jezik: | Vietnamese |
| Izdano: |
HCM
Phụ nữ
1997
|
| Oznake: |
Dodaj oznaku
Bez oznaka, Budi prvi tko označuje ovaj zapis!
|
| Thư viện lưu trữ: | Mạng thư viện Đại học Đà Nẵng |
|---|
| LEADER | 00818nam a2200265 4500 | ||
|---|---|---|---|
| 001 | 000014010 | ||
| 003 | 10362 | ||
| 005 | 20120328080300.0 | ||
| 008 | 120328s1997 viesd | ||
| 020 | |c 48000 | ||
| 041 | 0 | |a vie | |
| 082 | |a 770.28 |b HOA | ||
| 245 | 0 | |a Hoa cho ngày cưới | |
| 260 | |a HCM |b Phụ nữ |c 1997 | ||
| 300 | |a 73 tr. |b hình ảnh |c 19x26 cm | ||
| OWN | |a LSP | ||
| AVA | |a UDN50 |b LSP |d 770.28 HOA |e available |t Error 5001 Not defined in file expand_doc_bib_avail. |f 3 |g 0 |h N |i 0 |k 1 | ||
| 999 | |a From the UDN01 | ||
| AVA | |a UDN50 |b LSP |d 770.28 HOA |e available |t Error 5001 Not defined in file expand_doc_bib_avail. |f 3 |g 0 |h N |i 0 |k 1 | ||
| TYP | |a Monograph | ||
| TYP | |a Printed language | ||
| 980 | |a Mạng thư viện Đại học Đà Nẵng | ||